| 000 | 00850cam a22002655a 4500 | ||
|---|---|---|---|
| 001 | 017381546 | ||
| 003 | OSt | ||
| 005 | 20160302121318.0 | ||
| 008 | 150204s2015 enka frb 001 0 eng d | ||
| 020 | _a9781849469906 (pbk.) | ||
| 040 |
_aStDuBDS _beng _cStDuBDS _dEG-ScBUE |
||
| 082 | 0 | 4 |
_a340.115 _bLAW _222 |
| 245 | 0 | 0 |
_aLaw in politics, politics in law / _cedited by David Feldman. |
| 260 |
_aOxford : _bHart Publishing Ltd., _c2015. |
||
| 300 |
_axxvii, 268 p. : _bill. ; _c24 cm. |
||
| 490 | 0 |
_aHart studies in constitutional law ; _vVolume 3 |
|
| 500 | _aOriginally published: 2013. | ||
| 500 | _aIndex : p. 263-268. | ||
| 504 | _aIncludes bibliographical references. | ||
| 650 | 0 |
_aLaw _xPolitical aspects. _2BUEsh _913943 |
|
| 651 | _2BUEsh | ||
| 653 |
_bLLAAWW _cFebruary2016 |
||
| 700 | 1 |
_aFeldman, David, _d1953- _eeditor. |
|
| 942 | _2ddc | ||
| 999 |
_c21286 _d21258 |
||